Some bases of the Stickelberger ideal

Bibliographic Details
Main Author: Skula, Ladislav (Author)
Format: Article
Language:English
PhysicalDescription:Lit. 21 zázn. v angl., franc., nem.
ISSN:0139-9918
Subjects:

MARC

LEADER 00000nab a2200000 a 4500
001 vtls000518589
003 SK-MaSNL
005 20260319074004.0
008 160204c1994 xo 0 eng
015 |a SNBRB19rr/mm-uuuuu 
035 |a CL0518727 
040 |a SNKBUCL  |b slo  |c SNKBUCL  |e AACR2 
041 0 |a eng 
044 |a xo  |c SK 
080 |a 512.5  |2 1981 
100 1 |a Skula, Ladislav  |4 aut  |9 979906 
245 1 0 |a Some bases of the Stickelberger ideal  |c Ladislav Skula 
300 |b Lit. 21 zázn. v angl., franc., nem. 
650 0 7 |a ideál Stickelbergerov  |2 snkbucl  |9 979907 
655 7 |a články z novín a časopisov  |2 snkbucl  |9 267496 
773 0 |t Mathematica slovaca  |g Roč. 43, č. 5 (1994), s. 541-571  |x 0139-9918 
850 |a Slovenská národná knižnica v Martine  |a MTA001 
852 |a SNK  |b KIS3GCP 
958 |a NB 
958 |a RK 
958 |a CZ 
992 |a RBX 
999 |c 1569919  |d 1571849